Chicago P.D. Season three / Wolf Films ; Universal ... Read More
Available copies
- 1 of 1 copy available at LARL/NWRL Consortium.
Current holds
0 current holds with 1 total copy.
Show Only Available Copies
| Location | Call Number / Copy Notes | Barcode | Shelving Location | Status | Due Date |
|---|---|---|---|---|---|
| Hallock Public Library | DVD CHI (Text) | 35500006346470 | Main | Available | - |
Record details
- Physical Description: 6 videodiscs (approximately 1099 min.) : sound, ... Read More
- Publisher: [Universal City, California] : Universal Pictures Home Entertainment, [2016]
Content descriptions
| General Note: | Title from container. Anamorphic widescreen (1.78:1). Bonus material: behind the scenes; Chicago fire season 4 crossover episode; Chicago med season 1 ... Read More |
| Formatted Contents Note: | Disc 1. Life is fluid ; Natural born storyteller ; ... Read More |
| Participant or Performer Note: | Jason Beghe, Jon Seda, Sophia Bush, Jesse Lee ... Read More |
| Date/Time and Place of an Event Note: | Originally broadcast by NBC 2015-2016. |
| Summary, etc.: | Return to ground zero in the fight against Chicago ... Read More |
| System Details Note: | DVD, region 1, NTSC, anamorphic widescreen ... Read More |
| Language Note: | English or Spanish dialogue; Spanish subtitles; ... Read More |
Search for related items by subject
| Subject: | Chicago (Ill.). Police Department > Drama. Police > Illinois > Chicago > Drama. Criminals > Illinois > Chicago > Drama. |
| Genre: | Television series. Television cop shows. Action and adventure television programs. Television crime shows. |
| Topic Heading: | Closed-captioned DVDs. |
Search for related items by series
| LDR | 04689cgm a2200817Ii 4500 | ||
|---|---|---|---|
| 001 | 356464 | ||
| 003 | LARL_NWRL_CONSORTIUM | ||
| 005 | 20210104204203.0 | ||
| 007 | vd cvaizq | ||
| 008 | 160727p20162015cau000 vleng d | ||
| 019 | . | ‡a944143093 | |
| 024 | 1 | 0. | ‡a025192342745 |
| 024 | 1 | . | ‡a025192343339 |
| 028 | 4 | 2. | ‡a61176863 ‡bUniversal |
| 033 | 2 | 1. | ‡a2015---- ‡a2016---- ‡b3700 |
| 035 | . | ‡a(OCoLC)954068776 ‡z(OCoLC)944143093 | |
| 037 | . | ‡bMidwest Tape ‡nhttp://www.midwesttapes.com | |
| 040 | . | ‡aTEFMT ‡beng ‡erda ‡cTEFMT ‡dTEF ‡dKGG ‡dOCLCF ‡dTEFMT ‡dGK8 ‡dOCLCO ‡dTEF ‡dWIM ‡dINB ‡dOCLCO ‡dGK8 ‡dOCLCO ‡dGZD | |
| 041 | 1 | . | ‡aeng ‡aspa ‡jeng ‡jspa ‡heng |
| 043 | . | ‡an-us-il | |
| 082 | 0 | 4. | ‡a791.45/75 ‡223 |
| 245 | 0 | 0. | ‡aChicago P.D. ‡pSeason three / ‡cWolf Films ; Universal Television ; producers, Jamie Pachino, Terry Miller ; developed by Michael Brandt & Derek Haas ; created by Dick Wolf & Matt Olmstead. |
| 257 | . | ‡aUnited States ‡2naf | |
| 264 | 1. | ‡a[Universal City, California] : ‡bUniversal Pictures Home Entertainment, ‡c[2016] | |
| 300 | . | ‡a6 videodiscs (approximately 1099 min.) : ‡bsound, color ; ‡c4 3/4 in. | |
| 336 | . | ‡atwo-dimensional moving image ‡btdi ‡2rdacontent | |
| 337 | . | ‡avideo ‡bv ‡2rdamedia | |
| 338 | . | ‡avideodisc ‡bvd ‡2rdacarrier | |
| 344 | . | ‡adigital ‡boptical ‡gsurround ‡hDolby digital 5.1 ‡2rda | |
| 346 | . | ‡bNTSC ‡2rda | |
| 347 | . | ‡avideo file ‡bDVD video ‡2rda | |
| 380 | . | ‡aTelevision program | |
| 490 | 0 | . | ‡aChicago P.D. ; ‡vSeason 3 |
| 538 | . | ‡aDVD, region 1, NTSC, anamorphic widescreen (1.78:1), Dolby Digital 5.1. | |
| 546 | . | ‡aEnglish or Spanish dialogue; Spanish subtitles; subtitled for the deaf and hard of hearing (SDH). | |
| 500 | . | ‡aTitle from container. | |
| 511 | 1 | . | ‡aJason Beghe, Jon Seda, Sophia Bush, Jesse Lee Soffer, Patrick John Flueger, Marina Squerciati, LaRoyce Hawkins, Amy Morton, Brian Geraghty, Elias Koteas. |
| 518 | . | ‡aOriginally broadcast by NBC 2015-2016. | |
| 500 | . | ‡aAnamorphic widescreen (1.78:1). | |
| 520 | . | ‡aReturn to ground zero in the fight against Chicago crime in all 23 episodes of this critically acclaimed drama. In Season Three, Hank Voight's intelligence unit is in the final stretch of taking down a powerful kingpin when one of his detectives is severely beaten and kidnapped. In a race against time, Voight makes the difficult decision to bring back one of the disgraced former members of his unit. | |
| 505 | 0 | 0. | ‡gDisc 1. ‡tLife is fluid ; ‡tNatural born storyteller ; ‡tActual physical violence ; ‡tDebts of the past -- ‡gDisc 2. ‡tClimbing into bed ; ‡tYou never know who's who ; ‡tA dead kid, a notebook and a lot of maybes ; ‡tForget my name ; ‡tNever forget I love you -- ‡gDisc 3. ‡tThe beating heart ‡g(Chicago fire crossover episode) ; ‡tMalignant ‡g(Chicago med crossover episode) ; ‡tNow I'm God ; ‡tKnocked the family right out -- ‡gDisc 4. ‡tLooking out for stateville ; ‡tHit me ; ‡tNationwide manhunt ‡g(Law & order: SVU crossover episode) ; ‡tThe song of Gregory William Yates -- ‡gDisc 5. ‡tA night owl ; ‡tThe cases that need to be solved ; ‡tForty-caliber bread crumb ; ‡tKasual with a k -- ‡gDisc 6. ‡tIf we were normal ; ‡tIn a duffel bag ; ‡tJustice ; ‡tShe's got us ; ‡tStart digging. |
| 500 | . | ‡aBonus material: behind the scenes; Chicago fire season 4 crossover episode; Chicago med season 1 crossover episode; Law & order: SVU season 17 crossover episode. | |
| 610 | 1 | 0. | ‡aChicago (Ill.). ‡bPolice Department ‡vDrama. |
| 650 | 0. | ‡aPolice ‡zIllinois ‡zChicago ‡vDrama. | |
| 650 | 0. | ‡aCriminals ‡zIllinois ‡zChicago ‡vDrama. | |
| 655 | 7. | ‡aTelevision series. ‡2lcgft ‡0(LARL_NWRL_CONSORTIUM)175797 | |
| 655 | 7. | ‡aTelevision cop shows. ‡2lcgft ‡0(LARL_NWRL_CONSORTIUM)175782 | |
| 655 | 7. | ‡aAction and adventure television programs. ‡2lcgft ‡0(LARL_NWRL_CONSORTIUM)175838 | |
| 655 | 7. | ‡aTelevision crime shows. ‡2lcgft ‡0(LARL_NWRL_CONSORTIUM)175791 | |
| 690 | . | ‡aClosed-captioned DVDs. | |
| 700 | 1 | . | ‡aPachino, Jamie, ‡etelevision producer. |
| 700 | 1 | . | ‡aMiller, Terry ‡c(Producer), ‡etelevision producer. |
| 700 | 1 | . | ‡aBrandt, Michael, ‡d1968- ‡ecreator. ‡0(LARL_NWRL_CONSORTIUM)213628 |
| 700 | 1 | . | ‡aHaas, Derek, ‡d1970- ‡ecreator. ‡0(LARL_NWRL_CONSORTIUM)213678 |
| 700 | 1 | . | ‡aWolf, Dick, ‡ecreator. ‡0(LARL_NWRL_CONSORTIUM)205908 |
| 700 | 1 | . | ‡aOlmstead, Matt, ‡ecreator. ‡0(LARL_NWRL_CONSORTIUM)209530 |
| 700 | 1 | . | ‡aBeghe, Jason, ‡d1960- ‡eactor. |
| 700 | 1 | . | ‡aSeda, Jon, ‡eactor. ‡0(LARL_NWRL_CONSORTIUM)137038 |
| 700 | 1 | . | ‡aBush, Sophia, ‡eactor. ‡0(LARL_NWRL_CONSORTIUM)196986 |
| 700 | 1 | . | ‡aSoffer, Jesse Lee, ‡d1984- ‡eactor. |
| 700 | 1 | . | ‡aFlueger, Patrick, ‡d1983- ‡eactor. ‡0(LARL_NWRL_CONSORTIUM)217193 |
| 700 | 1 | . | ‡aSquerciati, Marina, ‡eactor. |
| 700 | 1 | . | ‡aHawkins, LaRoyce, ‡eactor. |
| 700 | 1 | . | ‡aMorton, Amy, ‡eactor. ‡0(LARL_NWRL_CONSORTIUM)217752 |
| 700 | 1 | . | ‡aGeraghty, Brian, ‡eactor. ‡0(LARL_NWRL_CONSORTIUM)211446 |
| 700 | 1 | . | ‡aKoteas, Elias, ‡d1961- ‡eactor. ‡0(LARL_NWRL_CONSORTIUM)144446 |
| 710 | 2 | . | ‡aUniversal Pictures Home Entertainment (Firm), ‡epublisher. |
| 710 | 2 | . | ‡aWolf Films, ‡eproduction company. ‡0(LARL_NWRL_CONSORTIUM)205911 |
| 710 | 2 | . | ‡aUniversal Television (Firm), ‡eproduction company. ‡0(LARL_NWRL_CONSORTIUM)181768 |
| 730 | 0 | . | ‡aChicago P.D. (Television program) |
| 901 | . | ‡a356464 ‡b ‡c356464 ‡tbiblio | |

Add to basket
Permalink
Disable Highlighting